Argentine places - sudden death - Statistics

General Stats
  • This quiz has been taken 103 times
  • The average score is 14 of 26
Answers on the Grid
Answers color-coded by a green-red scale on the quiz's grid according to % correct below.
Bilbao
Geneva
Buenos Aires
Chaco
Sacramento
Easter Island
Manila
A penguin colony
Iguazu Falls
Ravenna
João Pessoa
The Pampas
Zuccardi Valle de Uco
Castro's grave
Kolwezi
Birthplace of Pope Francis
Mendoza
Patagonia
Querétaro
Adolf Eichmann's house
Meerut
Yoshkar-Ola
Cordoba
Palmyra
Aconcagua
Paraná
Estelí
Tierra del Fuego
Sinuiju
Rosario
Barisal
Pinar del Río
Land below sea level
Fitz Roy
Santiago del Estero
Mar del Plata
Che Guevara's birthplace
San Miguel de Tucumán
La Plata
Más Monumental
Maldonado
Huế
Cerro Torre
Los Glaciares National Park
Ushuaia
Delphi
Capiatá
Thatcher monument
 
Answer Stats
Answer % Correct
Buenos Aires
94%
Patagonia
84%
The Pampas
79%
Rosario
74%
Birthplace of Pope Francis
71%
Mar del Plata
71%
La Plata
69%
Tierra del Fuego
69%
Mendoza
68%
Iguazu Falls
66%
Cordoba
63%
A penguin colony
60%
Che Guevara's birthplace
55%
Aconcagua
53%
Los Glaciares National Park
53%
San Miguel de Tucumán
50%
Ushuaia
50%
Province Chaco
47%
Adolf Eichmann's house
45%
Santiago del Estero
35%
City in Entre Rios Paraná
31%
Cerro Torre
21%
River Plate's stadium Más Monumental
21%
The lowest point in the S. hemisphere Land below sea level
19%
Fitz Roy
18%
Vineyard Zuccardi Valle de Uco
11%
No matching quizzes found
Score Distribution
Percent of People with Each Score
Percentile by Number Answered
Your Score History
You have not taken this quiz